Excavations in the Valley of the Kings : Excavation Report for the Egyptian Mission in the Western Valley in the Valley of the Kings ( Valley of the Monkeys), Season 01/09/2018 - 24/04/2019 and Excavation Report for the Egyptian Mission 2020-2021 Season / Volume VI

محفوظ في:

المؤلف الرئيسي: Zahi Hawass. Author

التنسيق: كتاب

اللغة: English

منشور في: Le Caire : Institut Français d'Archéologie Orientale, 2025.

الموضوعات:

الوسوم: إضافة وسم

لا توجد وسوم, كن أول من يضع وسما على هذه التسجيلة!

رقم الطلب: On Hold

LEADER 00856nam a22001937a 4500
003 OSt
005 20260511102115.0
008 260511t2025 ua ao |||||||||| ||eng||
020 |a 9782724711509 
050 1 4 |a On Hold  
100 1 |a Zahi Hawass.  |d Author 
245 1 0 |a Excavations in the Valley of the Kings :   |b Excavation Report for the Egyptian Mission in the Western Valley in the Valley of the Kings ( Valley of the Monkeys), Season 01/09/2018 - 24/04/2019 and Excavation Report for the Egyptian Mission 2020-2021 Season /   |n Volume VI 
264 1 |a Le Caire :   |b Institut Français d'Archéologie Orientale,  |c 2025. 
300 |a 82 Page :   |c illustration ;   |b 28 cm. 
650 1 0 |a Excavations  |x the Valley of the Kings 
650 1 0 |a Egyptian Mission   |x 2020-2021 Season 
650 1 0 |a the Western Valley in the Valley of the Kings 
942 |2 lcc  |c BK 
999 |c 62237  |d 62237